Blackburn Rovers players (2010-2020) - Statistics

General Stats
  • This quiz has been taken 4 times
  • The average score is 53 of 144
Answer Stats
Rank Player Positions Nationality Matches Goals (assists) Period % Correct
16 Adam Armstrong ST 90 21 (11) 2018-2020
100%
47 Ben Brereton Díaz ST 40 2 (2) 2018-2020
100%
29 Bradley Dack AM 64 24 (8) 2018-2020
100%
38 David Raya GK 53 0 (1) 2014-2017, 2018-2019
100%
3 Jordan Rhodes ST 159 82 (13) 2012-2016
100%
135 Scott Wharton CB 2 0 (0) 2016-2017
100%
21 Adam Henley RB 80 1 (4) 2011-2017
75%
9 Ben Marshall RM 126 11 (11) 2013-2017
75%
35 Charlie Mulgrew CB 59 13 (1) 2016-2017, 2018-2020
75%
50 Chris Brown ST 37 0 (2) 2014-2016
75%
42 Christian Walton GK 46 0 (1) 2019-2020
75%
4 Corry Evans CM 156 4 (7) 2013-2017, 2018-2020
75%
7 Danny Graham ST 134 38 (12) 2015-2017, 2018-2020
75%
6 Darragh Lenihan CB 137 5 (4) 2014-2017, 2018-2020
75%
13 David Dunn AM 100 9 (10) 2010-2015
75%
101 David Jones CM 12 2 (1) 2012-2013
75%
1 Grant Hanley CB 182 8 (5) 2010-2016
75%
11 Jason Steele GK 113 0 (2) 2014-2017
75%
89 Jermaine Jones DM 15 0 (0) 2010-2011
75%
90 Joe Nuttall ST 15 2 (0) 2018-2019
75%
26 Lewis Travis DM 69 3 (4) 2018-2020
75%
12 Marcus Olsson LB 104 1 (9) 2011-2016
75%
17 Martin Olsson LB 85 2 (4) 2010-2013
75%
15 Morten Gamst Pedersen CM 96 8 (17) 2010-2013
75%
10 Paul Robinson GK 119 0 (2) 2010-2015
75%
68 Phil Jones CB 26 0 (0) 2010-2011
75%
60 Richard Smallwood DM 32 0 (1) 2018-2019
75%
28 Rudy Gestede ST 66 33 (7) 2013-2015
75%
19 Sam Gallagher ST 85 17 (7) 2016-2017, 2019-2020
75%
14 Scott Dann CB 98 5 (7) 2011-2014
75%
30 Shane Duffy CB 63 5 (3) 2014-2017
75%
24 Tom Cairney CM 76 8 (14) 2013-2015
75%
23 Tommy Spurr LB 78 3 (3) 2013-2016
75%
124 Wes Brown CB 5 1 (0) 2016-2017
75%
34 Amari'i Bell CB 59 3 (2) 2018-2020
50%
61 Bradley Orr RB 31 0 (2) 2011-2013
50%
59 Brett Emerton RM 32 4 (4) 2010-2012
50%
31 Chris Taylor LM 62 1 (4) 2013-2016
50%
40 Christopher Samba CB 49 6 (2) 2010-2012
50%
85 Connor Mahoney RW 16 0 (3) 2015-2017
50%
5 Craig Conway AM 154 17 (36) 2013-2017, 2018-2019
50%
82 Dominic Samuel ST 17 2 (0) 2018-2020
50%
27 Gaël Givet CB 67 1 (1) 2010-2013
50%
33 Hope Akpan CM 60 4 (3) 2015-2017
50%
73 Jack Rodwell CB 21 1 (0) 2018-2019
50%
51 Jake Kean GK 37 0 (0) 2011-2014
50%
2 Jason Lowe DM 173 1 (9) 2010-2017
50%
52 Jason Roberts ST 35 5 (5) 2010-2012
50%
103 Joe Rankin-Costello RB 11 0 (1) 2019-2020
50%
71 John Buckley CM 22 2 (1) 2018-2020
50%
32 Joshua King ST 62 5 (8) 2012-2015
50%
37 Junior Hoilett LW 58 12 (6) 2010-2012
50%
95 Kasey Palmer AM 14 1 (0) 2018-2019
50%
49 Liam Feeney RM 40 0 (5) 2013-2014, 2016-2017
50%
70 Luke Varney ST 23 0 (1) 2013-2015
50%
114 Mark Bunn GK 6 0 (0) 2010-2012
50%
53 Marvin Emnes ST 35 4 (5) 2016-2017
50%
41 Mauro Formica AM 49 5 (4) 2011-2013
50%
44 Míchel Salgado RB 45 0 (2) 2010-2012
50%
80 Nikola Kalinić ST 18 5 (1) 2010-2011
50%
81 Nuno Gomes ST 18 4 (1) 2012-2013
50%
132 Paul Downing CB 3 0 (0) 2018-2019
50%
123 Paul Taylor ST 5 0 (0) 2014-2015
50%
106 Roque Santa Cruz ST 9 0 (0) 2010-2011
50%
43 Rubén Rochina RW 46 7 (4) 2010-2014
50%
63 Ryan Nelsen CB 29 3 (3) 2010-2012
50%
18 Ryan Nyambe RB 85 0 (1) 2016-2017, 2018-2020
50%
39 Steven Nzonzi DM 53 3 (5) 2010-2012
50%
45 Stewart Downing LM 41 2 (8) 2019-2020
50%
62 Yakubu Aiyegbeni ST 30 17 (2) 2011-2012
50%
107 Anthony Stokes ST 8 1 (0) 2016-2017
25%
64 Colin Kazım-Richards ST 28 3 (3) 2012-2013
25%
138 Daniel Butterworth AM 1 0 (0) 2018-2019
25%
56 Danny Murphy CM 33 1 (2) 2012-2013
25%
118 David Bentley RM 5 0 (0) 2012-2013
25%
65 David Goodwillie ST 28 2 (1) 2011-2013
25%
20 Derrick Williams CB 83 4 (5) 2016-2017, 2018-2020
25%
69 Dickson Etuhu DM 23 1 (1) 2012-2014
25%
92 DJ Campbell ST 14 0 (0) 2012-2014
25%
8 Elliott Bennett RM 127 6 (11) 2015-2017, 2018-2020
25%
93 Elliott Ward CB 14 1 (0) 2015-2017
25%
72 Gordon Greer CB 21 0 (0) 2016-2017
25%
108 Greg Cunningham CB 8 0 (1) 2019-2020
25%
57 Harrison Reed CM 33 3 (6) 2018-2019
25%
113 Harry Chapman AM 7 0 (1) 2018-2020
25%
134 Hayden Carter CB 2 0 (0) 2019-2020
25%
104 Jacob Davenport DM 10 0 (0) 2018-2020
25%
25 Joe Rothwell CM 69 4 (4) 2018-2020
25%
122 Keith Andrews CM 5 0 (0) 2010-2011
25%
96 Leon Best ST 14 2 (0) 2012-2014
25%
66 Lewis Holtby CM 27 3 (4) 2019-2020
25%
97 Lucas João ST 13 3 (1) 2016-2017
25%
36 Matthew Kilgallon CB 59 2 (3) 2013-2016
25%
99 Michael Keane CB 13 3 (0) 2013-2014
25%
78 Radosav Petrovic CB 19 0 (0) 2011-2012
25%
46 Todd Kane RB 41 2 (3) 2012-2014
25%
74 Tom Lawrence AM 21 2 (2) 2015-2016
25%
110 Tony Watt ST 8 1 (1) 2015-2016
25%
136 Tyler Magloire CB 2 0 (0) 2018-2019
25%
144 Willem Tomlinson CM 1 0 (0) 2016-2017
25%
102 Alan Judge CM 11 0 (0) 2013-2014
0%
58 Alex Baptiste CB 32 3 (0) 2014-2015
0%
130 Alex Marrow CM 3 0 (0) 2013-2014
0%
137 Amine Linganzi CM 1 0 (0) 2010-2011
0%
105 Anthony Modeste ST 9 0 (0) 2011-2012
0%
79 Benjani ST 18 3 (0) 2010-2011
0%
54 Bradley Johnson CM 34 3 (2) 2019-2020
0%
117 Bruno Ribeiro AM 5 0 (0) 2012-2013
0%
111 Cameron Stewart LW 7 0 (0) 2012-2013
0%
48 Danny Guthrie CM 40 1 (0) 2015-2017
0%
133 Diogo Rosado AM 2 0 (0) 2012-2013
0%
125 Doneil Henry CB 4 0 (1) 2014-2016
0%
139 Edinho Júnior ST 1 0 (0) 2012-2013
0%
75 El-Hadji Diouf ST 20 0 (4) 2010-2011
0%
112 Fábio Nunes LW 7 0 (2) 2012-2014
0%
94 Fodé Koita ST 14 0 (2) 2015-2016
0%
109 Grzegorz Sandomierski GK 8 0 (0) 2012-2013
0%
126 Hérold Goulon CB 4 0 (0) 2010-2011
0%
127 Jack Byrne AM 4 0 (0) 2016-2017
0%
140 Jack Vale ST 1 0 (0) 2019-2020
0%
119 Jayson Leutwiler GK 5 0 (0) 2018-2019
0%
88 Jay Spearing DM 15 1 (1) 2014-2015
0%
120 John O'Sullivan RM 5 0 (0) 2012-2013, 2014-2016
0%
141 Jordan Slew ST 1 0 (0) 2011-2012
0%
77 Jordi Gómez CM 19 3 (1) 2015-2016
0%
76 Josh Morris LM 20 0 (1) 2010-2014
0%
121 Karim Rekik CB 5 0 (0) 2012-2013
0%
22 Lee Williamson CM 79 0 (1) 2012-2016
0%
67 Mame Diouf ST 26 3 (2) 2010-2011
0%
131 Martin Samuelsen LW 3 0 (0) 2016-2017
0%
98 Matt Grimes DM 13 0 (2) 2015-2016
0%
128 Modou Barrow LW 4 0 (0) 2015-2016
0%
91 Nathan Delfouneso ST 15 1 (0) 2015-2016
0%
142 Nick Blackman ST 1 0 (0) 2011-2012
0%
115 Pascal Chimbonda RB 6 0 (0) 2010-2011
0%
143 Paulo Jorge CM 1 0 (0) 2012-2013
0%
83 Ryan Tunnicliffe CM 17 1 (0) 2014-2015
0%
84 Simeon Jackson ST 17 2 (1) 2015-2016
0%
100 Simon Eastwood GK 13 0 (0) 2013-2015
0%
86 Simon Vukcevic RW 16 1 (1) 2011-2013
0%
129 Stephen Hendrie LB 4 0 (0) 2016-2017
0%
87 Tommie Hoban CB 16 1 (0) 2016-2017
0%
55 Tosin Adarabioyo CB 34 3 (1) 2019-2020
0%
116 Vincenzo Grella CM 6 0 (0) 2010-2012
0%
No matching quizzes found
Score Distribution
Percent of People with Each Score
Percentile by Number Answered
Your Score History
You have not taken this quiz